Online
Catalog

Sobre arte y literatura / (Record no. 39668)

MARC details
000 -CABECERA
campo de control de longitud fija 00577nam a2200169 a 4500
001 - NÚMERO DE CONTROL
campo de control 000040178
005 - FECHA Y HORA DE LA ÚLTIMA TRANSACCIÓN
campo de control 20201002033950.0
008 - DATOS DE LONGITUD FIJA--INFORMACIÓN GENERAL
campo de control de longitud fija 130813s1968 sp 000 0 spa d
040 ## - FUENTE DE LA CATALOGACIÓN
Centro catalogador/agencia de origen DO-SdBNP
Lengua de catalogación spa
Centro/agencia transcriptor BNPHU
082 ## - NÚMERO DE LA CLASIFICACIÓN DECIMAL DEWEY
Número de clasificación xxx
100 1# - ENTRADA PRINCIPAL--NOMBRE DE PERSONA
Nombre de persona Marx, Carlos
9 (RLIN) 35992
245 10 - MENCIÓN DE TÍTULO
Título Sobre arte y literatura /
Mención de responsabilidad, etc. Carlos Marx, Federico Engels ; introduccion, selección y notas Valeriano Bozal Fernández.
260 ## - PUBLICACIÓN, DISTRIBUCIÓN, ETC.
Lugar de publicación, distribución, etc. Madrid, España :
Nombre del editor, distribuidor, etc. Ciencia Nueva,
Fecha de publicación, distribución, etc. 1968.
300 ## - DESCRIPCIÓN FÍSICA
Extensión 242 p. ;
Dimensiones 18 cm.
700 1# - PUNTO DE ACCESO ADICIONAL--NOMBRE DE PERSONA
Nombre de persona Engels, Federico
9 (RLIN) 63499
700 1# - PUNTO DE ACCESO ADICIONAL--NOMBRE DE PERSONA
Nombre de persona Bozal Fenández, Valeriano,
Término indicativo de función/relación introd.
9 (RLIN) 66452
Holdings
Estado de retiro Estado de pérdida Restricciones de uso No para préstamo Código de colección Localización permanente Ubicación/localización actual Ubicación en estantería Fecha de adquisición Número de inventario Total de préstamos Signatura topográfica completa Código de barras Fecha visto por última vez Precio válido a partir de Tipo de ítem Koha
      Excluido de préstamo Monografías: Libros y Folletos General General En catalogación 13.08.2013 LF1   xxx 40178-10 25.06.2020 25.06.2020 No se presta

Powered by Koha